Unsuccessful assassinations - Statistics

General Stats
  • This quiz has been taken 62 times
    25 since last reset
  • The average score is 13 of 22
Answer Stats
Hint Answer % Correct
13 Jul 2024: Butler, Pennsylvania USA: United States Presidential candidate Donald J. Trump
92%
10 May 2005: Freedom Square, Tblisi, Georgia: President of the United States George W Bush
88%
12 Oct 1984: Grand Hotel, Brighton, UK: Prime Minister of the United Kingdom Margaret Thatcher
83%
30 Mar 1981: Hilton Washington, Washington DC, USA: President of the United States Ronald Reagan
83%
20 Jul 1944: Wolf's Lair, Rastenburg, Prussia, Germany: German politician Adolf Hitler
79%
03 Dec 1976: Kingston, Jamaica: Reggae singer Bob Marley
79%
02 Mar 1882: Windsor Station, London, UK: Queen of the United Kingdom Queen Victoria
79%
13 May 1981: St Peter's Square, Vatican City: Pope John Paul II
75%
13 Jul 1874: Bad Kissingen, Germany: German Chancellor Otto von Bismarck
67%
12 Dec 1996: Baghdad, Iraq: Son of Iraqi President Uday Hussein
67%
07 Sep 1986: Cajón del Maipo, Chile: President of Chile Augusto Pinochet
63%
09 Oct 2012: Swat Valley, Pakistan: Women's education activist and schoolgirl Malala Yousafzai
63%
07 Feb 1991: 10 Downing Street, Westminster, London, UK: Prime Minister of the United Kingdom John Major
54%
30 Dec 1999: Friar Park, Henley-on-Thames, Oxfordshire, UK: Beatles member George Harrison
50%
05 Nov 1605: Westminster Palace, Westminster, London, England: King of England and Scotland James VI and I
50%
24 jul 2002: Arc de Triomphe, Paris, France: President of France Jacques Chirac
46%
08 Jan 2011: Casas Adobes Supermarket, Tucson, Arizona: Arizona Congresswoman Gabrielle Giffords
42%
05 Nov 1995: Ottawa, Canada: Prime Minister of Canada Jean Chrétien
29%
21 Feb 1931: Vienna State Opera, Vienna, Austria: King of the Albanians Zog I
25%
30 Apr 2009: Het Loo Palace, Apeldoorn, Netherlands: Queen of the Netherlands Queen Beatrix
21%
28 Jul 1835: Boulevard du Temple, Paris, France: King of France Louis-Philippe
13%
25 Dec 2003: Rawalpindi, Pakistan: President of Pakistan Pervez Musharraf
8%
No matching quizzes found
Score Distribution
Percent of People with Each Score
Percentile by Number Answered
Your Score History
You have not taken this quiz since the last reset